Bé học tiếng Anh : Những bài học đầu tiên
"Những bài học đầu tiên" nhằm giúp các em bước đầu làm quen với tiếng Anh thông qua các bài hội thoại đơn giản, thú vị và sinh động.
Bewaard in:
| Hoofdauteur: | |
|---|---|
| Formaat: | Boek |
| Taal: | Undetermined |
| Gepubliceerd in: |
Hà Nội
Bách khoa Hà Nội
2011
|
| Onderwerpen: | |
| Tags: |
Voeg label toe
Geen labels, Wees de eerste die dit record labelt!
|
| Thư viện lưu trữ: | Trung tâm Học liệu Trường Đại học Cần Thơ |
|---|
| LEADER | 00966nam a2200229Ia 4500 | ||
|---|---|---|---|
| 001 | CTU_174900 | ||
| 008 | 210402s9999 xx 000 0 und d | ||
| 020 | |c 36000 | ||
| 082 | |a 372.6521 | ||
| 082 | |b H523 | ||
| 100 | |a Huy Liêm | ||
| 245 | 0 | |a Bé học tiếng Anh : | |
| 245 | 0 | |b Những bài học đầu tiên | |
| 245 | 0 | |c Huy Liêm | |
| 260 | |a Hà Nội | ||
| 260 | |b Bách khoa Hà Nội | ||
| 260 | |c 2011 | ||
| 520 | |a "Những bài học đầu tiên" nhằm giúp các em bước đầu làm quen với tiếng Anh thông qua các bài hội thoại đơn giản, thú vị và sinh động. | ||
| 650 | |a English language,English language,Tiếng Anh,Tiếng Anh | ||
| 650 | |x Text-books for foreign speakers,Study and teaching,Sách cho người nói tiếng nước ngoài,Dạy và học | ||
| 904 | |i Trân, Năm | ||
| 980 | |a Trung tâm Học liệu Trường Đại học Cần Thơ | ||